Contabilidad agropecuaria /
Guardado en:
| Autor Principal: | |
|---|---|
| Formato: | Libro |
| Idioma: | Spanish |
| Publicado: |
Buenos Aires :
Aplicación Tributaria,
c2007.
|
| Edición: | 1a. ed. |
| Materias: | |
| Etiquetas: |
Agregar Etiqueta
Sin Etiquetas, Sea el primero en etiquetar este registro!
|
| LEADER | 00850nam a22002295a 4500 | ||
|---|---|---|---|
| 001 | EAD.ead001711 | ||
| 008 | 090317s2007####ag#######b####000#0#spa#d | ||
| 005 | 20190311160821.0 | ||
| 245 | 1 | 0 | |a Contabilidad agropecuaria / |c Marcelo Bustinduy. |
| 250 | |a 1a. ed. | ||
| 260 | |a Buenos Aires : |b Aplicación Tributaria, |c c2007. | ||
| 300 | |a 117 p. ; |c 21 cm. | ||
| 504 | |a Incluye referencias bibliográficas. | ||
| 505 | 0 | |a Análisis -- Caso práctico -- Resolución técnica nº 22 (F.A.C.P.C.E.) | |
| 020 | |a 9789871099931 | ||
| 100 | 1 | |a Bustinduy, Marcelo. | |
| 082 | 0 | 4 | |a 657.863 |2 21 |
| 653 | |a Contabilidad agrícola | ||
| 650 | 7 | |a Estudios de casos. |2 unbist | |
| 653 | |a Resolución técnica no. 22 | ||
| 859 | |a AR-BaBDC |b BIB. ADMINISTRACION - Libros |h 657.863 |i B969 |p b05980 | ||
| 859 | |a AR-BaBDC |b BIB. ADMINISTRACION - Libros |h 657.863 |i B969 |p b05981 |t Ej.2 |v Ej.2 | ||
